000 00837nas a2200241 4500
001 000037415
003 DO-SdBNP
005 20240902095851.0
008 120409c19299999dr ur1p dd 0 z0spa d
040 _aDO-SdBNP
_bspa
_cBNPHU
043 _anwdr
245 0 3 _aEl día estético. :
_brevista indouniversal de vanguardia.
260 _aSanto Domingo :
_bEl Independiente.,
_c1929.
300 _av.- :
_bil. ;
_c24 cm.
310 _aDesconocido
362 1 _aInicia con: año.1:no.3(1929)
500 _aCatalogación basada en:año.1:no.3(1929)
500 _aDirector: Domingo Moreno Jiménes
650 4 _aLiteratura
_vPUBLICACIONES PERIÓDICAS
_zRepública Dominicana
_958834
651 4 _aRepública Dominicana
_xHistoria
_vPUBLICACIONES PERIÓDICAS
_953568
700 1 _aMoreno Jiménes, Domingo
_eed.
_931950
942 _2ddc
_cISSUE
999 _c36905
_d36905